[Event "Mondiale Lampo FIDE 2022"]
[Site "Alma Ata"]
[Date "29.12.2022"]
[Round "9.36"]
[White "Nogerbek, Kazybek"]
[Black "Shimanov, Aleksandr"]
[Result "0-1"]
[WhiteTitle ""]
[BlackTitle ""]
[WhiteElo "2468"]
[BlackElo "2581"]
[WhiteFideId "13710427"]
[BlackFideId "4198603"]
[EventDate "29.12.2022"]

1. Nf3 Nf6 2. c4 g6 3. b3 Bg7 4. Bb2 O-O 5. g3 d6 6. Bg2 e5 7. Nc3 Re8 8. d3 Nc6
9. a3 a5 10. Nd2 Be6 11. Nd5 Rb8 12. O-O Ne7 13. Nxf6+ Bxf6 14. b4 axb4 15. axb4
Bg7 16. b5 c6 17. Qa4 d5 18. Nb3 cxb5 19. Qxb5 Bd7 20. Qb4 Bc6 21. Rfd1 dxc4 22.
dxc4 Qc8 23. Nc5 Bxg2 24. Kxg2 Qc6+ 25. Kg1 Nf5 26. Nd7 Rbd8 27. Qb5 Nd4 28.
Bxd4 exd4 29. Nc5 d3 30. Nxb7 Qxb5 31. cxb5 dxe2 32. Nxd8 Bxa1 33. Rxa1 Rxd8 34.
Kg2 Rd1 35. b6 Rxa1 0-1

[Event "Mondiale Lampo FIDE 2022"]
[Site "Alma Ata"]
[Date "29.12.2022"]
[Round "9.37"]
[White "Maghsoodloo, Parham"]
[Black "Bilguun, Sumiya"]
[Result "1-0"]
[WhiteTitle ""]
[BlackTitle ""]
[WhiteElo "2719"]
[BlackElo "2474"]
[WhiteFideId "12539929"]
[BlackFideId "4901541"]
[EventDate "29.12.2022"]

1. Nf3 Nf6 2. c4 e6 3. b3 d5 4. Bb2 Bd6 5. g3 Nbd7 6. Bg2 O-O 7. O-O c6 8. d4
Ne4 9. Nbd2 f5 10. Ne1 Qf6 11. Nd3 b6 12. f3 Nxg3 13. hxg3 Bxg3 14. f4 Qh6 15.
Rf3 Qh2+ 16. Kf1 Nf6 17. Rxg3 Qxg3 18. Qe1 Qh2 19. Nf3 Qh5 20. Qh4 Qxh4 21. Nxh4
Ba6 22. Ne5 Rac8 23. c5 bxc5 24. dxc5 Ne4 25. Ke1 Rfd8 26. Bd4 Rf8 27. e3 Rf6
28. Nef3 Rh6 29. Bf1 Bxf1 30. Kxf1 Rh5 31. Ke2 h6 32. Ng6 Kf7 33. Rg1 a5 34.
Nge5+ Kg8 35. Rg6 Rh1 36. Nd7 Kf7 37. Rxg7+ Ke8 38. Nf6+ Kf8 39. Rg8+ Kf7 40.
Rxc8 Nxf6 41. Bxf6 Kxf6 42. Rxc6 Ra1 43. Nd4 Rxa2+ 44. Kf3 Rb2 45. Rxe6+ Kf7 46.
Rxh6 1-0

[Event "Mondiale Lampo FIDE 2022"]
[Site "Alma Ata"]
[Date "29.12.2022"]
[Round "9.38"]
[White "Vidit, Santosh Gujrathi"]
[Black "Kovalev, Vladislav"]
[Result "1-0"]
[WhiteTitle ""]
[BlackTitle ""]
[WhiteElo "2730"]
[BlackElo "2623"]
[WhiteFideId "5029465"]
[BlackFideId "13504398"]
[EventDate "29.12.2022"]

1. d4 Nf6 2. c4 e6 3. Nf3 Bb4+ 4. Bd2 Qe7 5. g3 b6 6. Bg2 Bb7 7. O-O Bxd2 8.
Qxd2 O-O 9. Qd3 Be4 10. Qe3 d6 11. Nc3 Bb7 12. Qd3 c5 13. d5 exd5 14. cxd5 Ba6
15. Nb5 Nbd7 16. a4 Rfe8 17. Rfe1 Ne4 18. Nh4 Bxb5 19. axb5 g6 20. f3 Nef6 21.
e4 Qe5 22. Qc3 Qd4+ 23. Kf1 Qb4 24. Qxb4 cxb4 25. Bh3 Rec8 26. f4 Rc7 27. e5
dxe5 28. fxe5 Nh5 29. d6 Rb7 30. Bg2 Rab8 31. Bxb7 Rxb7 32. Nf3 Ng7 33. Nd4 Ne6
34. Nc6 Nec5 35. Re3 Kg7 36. Rxa7 Rxa7 37. Nxa7 Na4 38. b3 Nc3 39. Nc6 Nxb5 40.
Nxb4 Nd4 41. Nd5 Nf5 42. Re1 Nd4 43. b4 b5 44. Nc7 Nc6 45. e6 fxe6 46. Rxe6 Kf7
47. Re4 Nf6 48. Re2 Nxb4 49. Re7+ Kf8 50. Ne6+ Kg8 51. d7 Nc6 52. Rg7+ Kh8 53.
Rf7 1-0

[Event "Mondiale Lampo FIDE 2022"]
[Site "Alma Ata"]
[Date "29.12.2022"]
[Round "9.39"]
[White "Dardha, Daniel"]
[Black "Vallejo Pons, Francisco"]
[Result "1-0"]
[WhiteTitle ""]
[BlackTitle ""]
[WhiteElo "2606"]
[BlackElo "2716"]
[WhiteFideId "240990"]
[BlackFideId "2205530"]
[EventDate "29.12.2022"]

1. d4 e6 2. Nf3 c5 3. e4 cxd4 4. Nxd4 Nc6 5. Nc3 a6 6. Be3 Nf6 7. a3 d6 8. Be2
Bd7 9. g4 h6 10. h4 Rc8 11. Rg1 d5 12. exd5 Nxd5 13. Nxd5 exd5 14. g5 hxg5 15.
hxg5 Qa5+ 16. c3 Ne5 17. f4 Nc4 18. Bxc4 Rxc4 19. g6 Rh2 20. gxf7+ Kxf7 21. Bf2
Kg8 22. Qf3 Rh6 23. Rg5 Be6 24. f5 Qd8 25. Be3 Bf7 26. O-O-O Bxa3 27. bxa3 Rxc3+
28. Kd2 Qa5 29. Rxg7+ Kf8 30. Ne6+ Ke8 31. Ke2 Rh2+ 32. Kf1 Rcc2 33. Nd4 Qa4 34.
Re1 Qc4+ 35. Kg1 Qc3 36. Bd2+ Kd8 37. Bxc3 1-0

[Event "Mondiale Lampo FIDE 2022"]
[Site "Alma Ata"]
[Date "29.12.2022"]
[Round "9.40"]
[White "Nguyen, Thai Dai Van"]
[Black "Niemann, Hans Moke"]
[Result "0-1"]
[WhiteTitle ""]
[BlackTitle ""]
[WhiteElo "2656"]
[BlackElo "2698"]
[WhiteFideId "358878"]
[BlackFideId "2093596"]
[EventDate "29.12.2022"]

1. d4 Nf6 2. c4 g6 3. Nc3 Bg7 4. e4 d6 5. Be2 O-O 6. Nf3 e5 7. O-O h6 8. Re1
Nbd7 9. Qc2 Re8 10. d5 a5 11. Be3 Ng4 12. Bd2 Nc5 13. h3 Nf6 14. Be3 Bd7 15. a3
a4 16. Bxc5 dxc5 17. Rad1 Qe7 18. Nh2 Red8 19. Ng4 Ne8 20. Ne3 h5 21. Nb5 Ra6
22. Rd3 Bh6 23. d6 cxd6 24. Nd5 Qf8 25. Red1 f5 26. Bf3 Bg5 27. Ndc3 Bc6 28.
exf5 gxf5 29. Bxh5 Ng7 30. Qe2 Be7 31. Nd5 Bxd5 32. Rxd5 Ne6 33. g3 Qf6 34. Bf3
Kg7 35. Qe3 Ng5 36. Bg2 Nf7 37. f4 Rg8 38. fxe5 dxe5 39. Rd7 e4 40. Nc7 Rd6 41.
R1xd6 Bxd6 42. Nd5 Qd4 43. Kf1 Qxc4+ 44. Kf2 Qxd5 45. Qg5+ Kf8 46. Rd8+ Nxd8 0-1

[Event "Mondiale Lampo FIDE 2022"]
[Site "Alma Ata"]
[Date "29.12.2022"]
[Round "9.41"]
[White "Andriasian, Zaven"]
[Black "Chigaev, Maksim"]
[Result "1-0"]
[WhiteTitle ""]
[BlackTitle ""]
[WhiteElo "2580"]
[BlackElo "2632"]
[WhiteFideId "13302000"]
[BlackFideId "4108116"]
[EventDate "29.12.2022"]

1. e4 c5 2. Nf3 d6 3. d4 cxd4 4. Nxd4 Nf6 5. Nc3 a6 6. h3 e6 7. g4 h6 8. Be3 Be7
9. Bg2 Nc6 10. Qe2 Nxd4 11. Bxd4 e5 12. Be3 b5 13. O-O-O b4 14. Nd5 Nxd5 15.
exd5 a5 16. f4 exf4 17. Bxf4 O-O 18. Kb1 Bh4 19. Be4 a4 20. Bd3 Re8 21. Qg2 a3
22. b3 Qf6 23. Bc1 Bg5 24. Rhf1 Qc3 25. Rf3 Qe5 26. c3 bxc3 27. Bc2 Ba6 28. Rf5
Qe2 29. Rf2 Qe7 30. Bxg5 hxg5 31. h4 gxh4 32. g5 g6 33. Qh3 Rab8 34. Qxh4 Be2
35. Re1 Bh5 36. Rxe7 Rxe7 37. Rf1 Re2 38. Qf4 Rb7 39. Qxd6 Rbe7 40. Qg3 R7e3 41.
Qg1 Bg4 42. Qxg4 1-0

[Event "Mondiale Lampo FIDE 2022"]
[Site "Alma Ata"]
[Date "29.12.2022"]
[Round "9.42"]
[White "Alonso Rosell, Alvar"]
[Black "Tari, Aryan"]
[Result "1-0"]
[WhiteTitle ""]
[BlackTitle ""]
[WhiteElo "2561"]
[BlackElo "2659"]
[WhiteFideId "2270544"]
[BlackFideId "1510045"]
[EventDate "29.12.2022"]

1. d4 d5 2. c4 e6 3. Nf3 Nf6 4. g3 Bd6 5. Bg2 O-O 6. O-O h6 7. Qc2 b6 8. cxd5
exd5 9. Nc3 a6 10. Bf4 Bb7 11. Rad1 Re8 12. Bxd6 Qxd6 13. Ne5 Nbd7 14. f4 b5 15.
e3 Nb6 16. g4 b4 17. Ne2 Ne4 18. g5 f6 19. gxf6 gxf6 20. Bxe4 dxe4 21. Ng3 fxe5
22. fxe5 Qc6 23. Qg2 Qg6 24. Rf6 Qg5 25. h4 Qg4 26. Rd2 Nd5 27. Nh5 Nxe3 28.
Rg6+ Kh7 29. Rxg4 Nxg2 30. Nf6+ Kh8 31. Rdxg2 e3 32. Rg7 1-0

[Event "Mondiale Lampo FIDE 2022"]
[Site "Alma Ata"]
[Date "29.12.2022"]
[Round "9.43"]
[White "Khusnutdinov, Rustam"]
[Black "Predke, Alexandr"]
[Result "1-0"]
[WhiteTitle ""]
[BlackTitle ""]
[WhiteElo "2441"]
[BlackElo "2684"]
[WhiteFideId "13701703"]
[BlackFideId "24107581"]
[EventDate "29.12.2022"]

1. Nc3 d5 2. e4 d4 3. Nce2 e5 4. Nf3 Bd6 5. Ng3 Ne7 6. Bc4 h6 7. d3 c5 8. O-O
Nbc6 9. a3 a6 10. Nh4 g6 11. Ba2 Qc7 12. Bd2 Be6 13. Bxe6 fxe6 14. c3 Kd7 15.
Rc1 g5 16. Nf3 Ng6 17. cxd4 cxd4 18. h3 Raf8 19. b4 Qb6 20. Rb1 Qb5 21. Ne1 Nf4
22. a4 Qb6 23. b5 axb5 24. Rxb5 Qa6 25. Qb3 Rb8 26. Nc2 h5 27. Rb1 h4 28. Nf1 g4
29. hxg4 h3 30. g3 h2+ 31. Nxh2 Nh3+ 32. Kg2 Nxf2 33. Rxb7+ Bc7 34. Ne1 Nxd3 35.
Nxd3 Rxb7 36. Nc5+ 1-0

[Event "Mondiale Lampo FIDE 2022"]
[Site "Alma Ata"]
[Date "29.12.2022"]
[Round "9.44"]
[White "Vakhidov, Jakhongir"]
[Black "Ivic, Velimir"]
[Result "1-0"]
[WhiteTitle ""]
[BlackTitle ""]
[WhiteElo "2607"]
[BlackElo "2572"]
[WhiteFideId "14201801"]
[BlackFideId "950122"]
[EventDate "29.12.2022"]

1. c4 Nf6 2. Nc3 g6 3. g3 Bg7 4. Bg2 O-O 5. d4 d6 6. Nf3 Nbd7 7. O-O e5 8. e4
exd4 9. Nxd4 Nc5 10. h3 Re8 11. Re1 h6 12. Nb3 Ne6 13. Kh2 h5 14. f4 a5 15. f5
Nf8 16. Nd4 c6 17. Bf4 g5 18. Bxg5 Ng4+ 19. Qxg4 hxg4 20. Bxd8 Rxd8 21. Rad1
gxh3 22. Bxh3 a4 23. a3 Nd7 24. Nf3 Ne5 25. Nxe5 Bxe5 26. c5 Ra5 27. cxd6 Rxd6
28. Rxd6 Bxd6 29. Rd1 Bc7 30. Rd4 b5 31. f6 Bxh3 32. Kxh3 Be5 33. Rd8+ Kh7 34.
Rc8 Ra6 35. Re8 Bxf6 36. e5 Bg5 37. Ne4 Bc1 38. Nf6+ Kg6 39. Kg4 Bxb2 40. Rg8+
Kh6 41. Kf5 b4 42. g4 Bc1 43. Rh8+ Kg7 44. Rg8+ Kh6 45. g5+ Bxg5 46. Rxg5 b3 47.
Rg1 Rb6 48. Rb1 c5 49. Ke4 b2 50. Kd5 Rb3 51. Kxc5 Kg5 52. Ne4+ Kf4 53. Kd4 Re3
54. Nc3 Rxe5 55. Rf1+ 1-0

[Event "Mondiale Lampo FIDE 2022"]
[Site "Alma Ata"]
[Date "29.12.2022"]
[Round "9.45"]
[White "Christiansen, Johan-Sebastian"]
[Black "Sargsyan, Shant"]
[Result "1-0"]
[WhiteTitle ""]
[BlackTitle ""]
[WhiteElo "2578"]
[BlackElo "2645"]
[WhiteFideId "1512668"]
[BlackFideId "13306766"]
[EventDate "29.12.2022"]

1. e4 e5 2. Nf3 Nc6 3. d4 exd4 4. Bc4 Nf6 5. e5 d5 6. Bb5 Nd7 7. O-O Be7 8. Bxc6
bxc6 9. Nxd4 Nb8 10. Qf3 O-O 11. Nc3 Be6 12. Rd1 Qd7 13. h3 Rd8 14. Qg3 c5 15.
Bh6 Bf8 16. Nb3 c4 17. Nc5 Qc6 18. N5e4 Kh8 19. Bg5 Nd7 20. Bxd8 Rxd8 21. Ng5 h6
22. Nf3 Bc5 23. Rd2 Nf8 24. Rad1 Qb7 25. Nd4 c6 26. Na4 Be7 27. b3 cxb3 28. axb3
c5 29. Nxe6 Nxe6 30. Qf3 Ng5 31. Qf5 g6 32. Qf4 Kg7 33. Nxc5 Qc6 34. Nd3 Ne6 35.
Qe3 a5 36. Ra1 Qc3 37. Rad1 Bg5 38. Nf4 Qxe3 39. fxe3 d4 40. Nxe6+ fxe6 41. Rd3
Rc8 42. exd4 Rxc2 43. Ra1 h5 44. g3 Bd8 45. Ra4 Bb6 46. Rc4 Rb2 47. h4 g5 48.
Rc6 Bd8 49. hxg5 Bxg5 50. Rxe6 Kf7 51. Ra6 Ke7 52. d5 Kd7 53. d6 Bd8 54. Ra7+
Ke6 55. Ra6 Kd7 56. Re3 Rb1+ 57. Kg2 Ke6 58. Ra8 Bb6 59. Re8+ Kf5 60. Rf3+ Ke4
61. Rf4+ Ke3 62. d7 Rd1 63. e6 Rd6 64. Rb8 Bc7 65. Rc8 Rd2+ 66. Kh3 Bxf4 67.
gxf4 Kf3 68. d8=Q 1-0

[Event "Mondiale Lampo FIDE 2022"]
[Site "Alma Ata"]
[Date "29.12.2022"]
[Round "9.46"]
[White "Yudin, Sergei"]
[Black "Nesterov, Arseniy"]
[Result "1-0"]
[WhiteTitle ""]
[BlackTitle ""]
[WhiteElo "2469"]
[BlackElo "2573"]
[WhiteFideId "4159659"]
[BlackFideId "24198455"]
[EventDate "29.12.2022"]

1. e4 e5 2. Nf3 Nc6 3. Bc4 Bc5 4. d3 Nf6 5. O-O O-O 6. Nbd2 d6 7. c3 a5 8. a4 h6
9. Re1 Re8 10. Nf1 Be6 11. Bb5 Bd7 12. Ng3 Ne7 13. Bc4 Ng6 14. h3 Be6 15. Bxe6
Rxe6 16. d4 Bb6 17. Be3 exd4 18. Nxd4 Re8 19. Ndf5 Bxe3 20. Rxe3 Qd7 21. Qd4 Re5
22. Rf1 Rae8 23. f4 R5e6 24. b3 Qc6 25. Nxg7 Kxg7 26. Nh5+ Kf8 27. Nxf6 Rxf6 28.
Qxf6 Rxe4 29. Rxe4 Qxe4 30. f5 Qe3+ 31. Kh1 Ne5 32. Qd8+ Kg7 33. f6+ Kh7 34.
Qxc7 Qe2 35. Rg1 Qe4 36. Qxd6 Nd3 37. Qg3 1-0

[Event "Mondiale Lampo FIDE 2022"]
[Site "Alma Ata"]
[Date "29.12.2022"]
[Round "9.47"]
[White "Tin, Jingyao"]
[Black "Vokhidov, Shamsiddin"]
[Result "1-0"]
[WhiteTitle ""]
[BlackTitle ""]
[WhiteElo "2562"]
[BlackElo "2579"]
[WhiteFideId "5804418"]
[BlackFideId "14204223"]
[EventDate "29.12.2022"]

1. d4 Nf6 2. c4 e6 3. Nf3 d5 4. Nc3 Bb4 5. cxd5 exd5 6. Bg5 h6 7. Bh4 O-O 8. e3
Bf5 9. Qb3 Bxc3+ 10. bxc3 Nbd7 11. Be2 c5 12. O-O c4 13. Qxb7 g5 14. Bg3 Qb6 15.
Qxb6 axb6 16. Nd2 b5 17. Bd6 Rfe8 18. a3 Ra6 19. Bb4 Nb8 20. Rfe1 Nc6 21. Bf1
Rea8 22. Bc5 Nd7 23. Rac1 Nxc5 24. dxc5 Rxa3 25. Nf3 Rb3 26. Nd4 Nxd4 27. exd4
Raa3 28. Re3 Kg7 29. g3 Be6 30. h4 Rb2 31. hxg5 hxg5 32. Re2 Rbb3 33. Re3 Ra2
34. Re2 Raa3 35. Re3 Ra2 36. Re2 Rxe2 37. Bxe2 Kf6 38. Kf1 Ke7 39. Ke1 b4 40.
cxb4 Rxb4 41. Kd2 Rb2+ 42. Rc2 Rb3 43. Rc3 Rb1 44. Bd1 Bf5 45. Bc2 Bxc2 46. Kxc2
Rf1 47. Re3+ Kd7 48. Rf3 Ke6 49. Re3+ Kd7 50. Rf3 Ke6 51. g4 Ra1 52. Re3+ Kd7
53. Re5 Kc6 54. Rf5 Ra2+ 55. Kc3 Ra3+ 56. Kb4 Rb3+ 57. Ka4 Rd3 58. Rf6+ Kd7 59.
Rxf7+ Ke6 60. Rg7 Rxd4 61. Kb4 Rd3 62. c6 Rb3+ 63. Kc5 Rb8 64. c7 Rc8 65. Kb6 c3
66. Kb7 Rxc7+ 67. Rxc7 d4 68. Kb6 Kd5 69. Kb5 Ke4 70. Kb4 Kd3 71. Kb3 Ke2 72.
Kc2 Kxf2 73. Kd3 Kg3 74. Kxd4 Kxg4 75. Ke3 1-0

[Event "Mondiale Lampo FIDE 2022"]
[Site "Alma Ata"]
[Date "29.12.2022"]
[Round "9.48"]
[White "Aravindh, Chithambaram VR."]
[Black "Svane, Frederik"]
[Result "0-1"]
[WhiteTitle ""]
[BlackTitle ""]
[WhiteElo "2607"]
[BlackElo "2568"]
[WhiteFideId "5072786"]
[BlackFideId "12923044"]
[EventDate "29.12.2022"]

1. g3 d5 2. Nf3 Nd7 3. d4 Nb6 4. a4 a5 5. Bg2 Nf6 6. Nc3 g6 7. Bf4 c6 8. Ne5 Bg7
9. O-O O-O 10. e4 dxe4 11. Nxe4 Nxe4 12. Bxe4 Be6 13. Re1 Bd5 14. c3 Bxe4 15.
Rxe4 e6 16. h4 h5 17. Nd3 Nd5 18. Bg5 Qc7 19. Qf3 b5 20. Nc5 bxa4 21. Rxa4 Rfe8
22. Ra1 Qb6 23. Qe2 Rab8 24. Ra2 Ra8 25. Ra4 Nf6 26. Bxf6 Bxf6 27. Ra1 Bg7 28.
Qc2 Qd8 29. Ree1 Qd5 30. Qe4 Reb8 31. Nd3 Rb5 32. Qe2 Rab8 33. Ra4 Qf5 34. Rea1
e5 35. dxe5 Bxe5 36. Rxa5 Bf6 37. Rxb5 cxb5 38. Re1 Kg7 39. Qe4 Qd7 40. Nb4 Rd8
41. Qf3 Qd2 42. Qe2 Qd7 43. Kg2 Ra8 44. Qf3 Rd8 45. Qe2 Qb7+ 46. Qf3 Qd7 47. Re3
Qd2 48. Qe2 Qd7 49. Rd3 Qb7+ 50. Qf3 Qc8 51. Rxd8 Qxd8 52. Nd5 Be5 53. Qe4 Qd6
54. Ne3 Bf6 55. Qd5 Qb6 56. Nc2 Qa6 57. Nb4 Qa1 58. Qd2 Qb1 59. Qe2 Qf5 60. Qf3
Qb1 61. Nd5 Bd8 62. Qe2 Qf5 63. Nb4 Bb6 64. Nc2 Ba7 65. Ne3 Qe4+ 66. Qf3 Qe6 67.
Nd5 Bc5 68. Nf4 Qc4 69. Qd5 Kf6 70. Qxc4 Ke5 0-1

[Event "Mondiale Lampo FIDE 2022"]
[Site "Alma Ata"]
[Date "29.12.2022"]
[Round "9.49"]
[White "Zhalmakhanov, Ramazan"]
[Black "Anton Guijarro, David"]
[Result "0-1"]
[WhiteTitle ""]
[BlackTitle ""]
[WhiteElo "2401"]
[BlackElo "2675"]
[WhiteFideId "13706357"]
[BlackFideId "2285525"]
[EventDate "29.12.2022"]

1. e4 e5 2. Nf3 Nc6 3. Bb5 a6 4. Ba4 d6 5. c3 f5 6. exf5 Bxf5 7. O-O Bd3 8. Re1
Be7 9. Re3 e4 10. Ne1 Bg5 11. Rh3 b5 12. Bc2 Bxc2 13. Qxc2 Nf6 14. d4 Bxc1 15.
Qxc1 O-O 16. Qg5 Qd7 17. Nd2 Rae8 18. Nc2 d5 19. Ne3 Ne7 20. Nb3 Qd6 21. Nc5 Ng6
22. Rg3 Qf4 23. Qxf4 Nxf4 24. Kf1 a5 25. a4 Rb8 26. axb5 Rxb5 27. Ra2 Rfb8 28.
Nd1 c6 29. Rg5 Nd3 30. Nxd3 exd3 31. f3 Re8 32. Re5 Rxe5 33. dxe5 Nd7 34. f4 Kf7
35. Kf2 c5 36. Ke3 c4 37. Kd4 Ke6 38. Ne3 g6 39. g4 Nc5 40. f5+ gxf5 41. gxf5+
Kd7 42. Nxd5 d2 43. Ne3 Nb3+ 44. Ke4 Rb8 45. Ra4 Rc8 46. h4 h5 47. Kf4 Rc5 48.
e6+ Ke7 49. Kg5 Re5 50. Rxc4 Rxe3 51. Rc7+ Ke8 52. Rd7 Re1 53. f6 Rxe6 54. Rd3
Re1 55. Kg6 Rg1+ 56. Kf5 d1=Q 0-1

[Event "Mondiale Lampo FIDE 2022"]
[Site "Alma Ata"]
[Date "29.12.2022"]
[Round "9.50"]
[White "Maze, Sebastien"]
[Black "Ter-Sahakyan, Samvel"]
[Result "1/2-1/2"]
[WhiteTitle ""]
[BlackTitle ""]
[WhiteElo "2538"]
[BlackElo "2605"]
[WhiteFideId "613762"]
[BlackFideId "13302531"]
[EventDate "29.12.2022"]

1. e4 c5 2. Nf3 Nc6 3. Bb5 Nf6 4. Nc3 g6 5. O-O Bg7 6. Re1 O-O 7. Bxc6 bxc6 8.
e5 Nd5 9. Nxd5 cxd5 10. d4 cxd4 11. Qxd4 Bb7 12. Bf4 Qb6 13. Qd2 Rfc8 14. c3 Rc4
15. Be3 Qd8 16. Bd4 a5 17. b3 Rcc8 18. h4 h6 19. Re3 Ra6 20. Rae1 Re6 21. Nh2
Qf8 22. f4 h5 23. Nf3 Rec6 24. Kh2 Re8 25. Rg1 Bc8 26. Qe1 Bh6 27. Ng5 d6 28.
exd6 Rxd6 29. Bc5 Rd7 30. Qg3 Rc7 31. b4 axb4 32. cxb4 Bg7 33. Rd1 Rd8 34. Qe1
Bf6 35. a4 Bg4 36. Rd2 Qe8 37. a5 d4 38. Red3 Bf5 39. Ra3 Qb5 40. a6 d3 41. a7
Ra8 42. Ne4 Bxh4 43. Qxh4 Bxe4 44. Bxe7 Rcxa7 45. Rxa7 Rxa7 46. Bc5 Ra8 47. Qe7
Qe8 48. Qf6 Qe6 49. Qxe6 fxe6 50. b5 Rc8 51. Be3 Rc2 52. b6 Rxd2 53. Bxd2 Kf7
54. g3 Kf6 55. Kg1 Kf5 56. Kf2 e5 57. fxe5 Kxe5 58. Bc3+ Kf5 59. Ke3 g5 60. Bb4
h4 61. gxh4 gxh4 62. Be7 h3 63. Bd6 Bb7 64. Kxd3 1/2-1/2

[Event "Mondiale Lampo FIDE 2022"]
[Site "Alma Ata"]
[Date "29.12.2022"]
[Round "9.51"]
[White "Tang, Andrew"]
[Black "Damjanovic, Vuk"]
[Result "1-0"]
[WhiteTitle ""]
[BlackTitle ""]
[WhiteElo "2540"]
[BlackElo "2361"]
[WhiteFideId "2059630"]
[BlackFideId "980021"]
[EventDate "29.12.2022"]

1. d4 Nf6 2. c4 e6 3. Nc3 d5 4. cxd5 exd5 5. Bg5 c6 6. Qc2 h6 7. Bh4 Be7 8. e3
O-O 9. Bd3 Ne8 10. Bg3 Nd6 11. Nge2 Re8 12. O-O Bf8 13. Rae1 a5 14. Nf4 Na6 15.
a3 Qg5 16. f3 Nf5 17. Bf2 Nc7 18. Qd2 Nh4 19. Kh1 Ne6 20. Bg3 Nf5 21. Bf2 Nxf4
22. exf4 Qd8 23. Re5 g6 24. Rfe1 Rxe5 25. fxe5 Be6 26. g4 Ne7 27. h3 Nc8 28. Be3
Kh7 29. Kg2 Nb6 30. Qf2 Be7 31. Rf1 Bh4 32. Qe2 Nc4 33. Bc1 Qb6 34. Bxc4 dxc4
35. Be3 Qc7 36. f4 Qd7 37. Kh2 f5 38. g5 h5 39. d5 Bxd5 40. Rd1 Qe6 41. Bb6 Ra6
42. Qe3 Kg8 43. Qc5 Kf7 44. Bd8 b6 45. Bxb6 Ke8 46. Bc7 Qe7 47. Bd6 Qa7 48. Nxd5
cxd5 49. Qc8+ Kf7 50. Qf8+ Ke6 51. Qe8+ 1-0

[Event "Mondiale Lampo FIDE 2022"]
[Site "Alma Ata"]
[Date "29.12.2022"]
[Round "9.52"]
[White "Gurel, Ediz"]
[Black "Pantsulaia, Levan"]
[Result "0-1"]
[WhiteTitle ""]
[BlackTitle ""]
[WhiteElo "2454"]
[BlackElo "2597"]
[WhiteFideId "44507356"]
[BlackFideId "13602071"]
[EventDate "29.12.2022"]

1. e4 c6 2. Nf3 d5 3. d3 dxe4 4. dxe4 Qxd1+ 5. Kxd1 Nf6 6. Nfd2 g6 7. f3 Bh6 8.
Bd3 e5 9. Ke2 Be6 10. Nc4 Bxc1 11. Rxc1 Bxc4 12. Bxc4 Ke7 13. a4 a5 14. Nd2 Nbd7
15. Bd3 Nc5 16. Nc4 Nfd7 17. Ra3 Rhd8 18. Rd1 f6 19. g3 Ne6 20. Ke3 Ndc5 21. Nb6
Rab8 22. Rc3 Rd4 23. Rc4 Rbd8 24. Rxd4 Rxd4 25. c3 Nxa4 26. Nc8+ Kd8 27. cxd4
exd4+ 28. Ke2 Kxc8 29. Ra1 b5 30. Bc2 Nxb2 31. Rxa5 Kb7 32. Ra2 Nc4 33. f4 Ne3
34. Bd3 Nc7 35. Rb2 Kb6 36. e5 fxe5 37. fxe5 c5 38. Be4 Nc4 39. Ra2 Nxe5 40. Kd2
c4 41. Kc2 b4 42. Ra4 d3+ 43. Kc1 Kc5 44. Ra7 Nb5 45. Ra5 c3 46. Bg2 d2+ 47. Kd1
Nc4 0-1

[Event "Mondiale Lampo FIDE 2022"]
[Site "Alma Ata"]
[Date "29.12.2022"]
[Round "9.53"]
[White "Narayanan, S.L."]
[Black "Tsaruk, Maksim"]
[Result "1/2-1/2"]
[WhiteTitle ""]
[BlackTitle ""]
[WhiteElo "2669"]
[BlackElo "2373"]
[WhiteFideId "5058422"]
[BlackFideId "13511173"]
[EventDate "29.12.2022"]

1. c4 e6 2. g3 d5 3. Bg2 Nf6 4. Nf3 dxc4 5. Na3 Bxa3 6. bxa3 O-O 7. Qc2 Bd7 8.
Ne5 Nc6 9. Bb2 Nxe5 10. Bxe5 Bc6 11. Bxc6 bxc6 12. Qxc4 Qd5 13. Qxd5 cxd5 14.
Bxc7 Rfc8 15. Be5 Rc2 16. f3 Rac8 17. Bc3 Rb8 18. Kf2 Nd7 19. Rhc1 Rxc1 20. Rxc1
Rc8 21. Rb1 Rb8 22. Rb4 f6 23. f4 Rb6 24. Bd4 Ra6 25. a4 Nb6 26. d3 Kf7 27. Bxb6
axb6 28. Ke3 Ke7 29. Kd2 Kd6 30. Kc3 Kc6 31. Kb3 Ra5 32. Ka3 Rc5 33. Kb2 Ra5 34.
Ka3 Rc5 35. Rb2 Rc1 36. Kb4 Rh1 37. a5 bxa5+ 38. Kxa5 Rxh2 39. Rb6+ Kd7 40. Rb7+
Kd6 41. Rb6+ Kd7 42. Rb2 h5 43. a4 Rg2 44. Kb6 Rxg3 45. a5 Rg1 46. a6 Ra1 47.
Kb7 h4 48. a7 h3 49. e3 g5 50. fxg5 fxg5 51. a8=Q Rxa8 52. Kxa8 g4 53. Rh2 Kd6
54. d4 e5 55. Kb7 exd4 56. exd4 Ke6 57. Kc6 Kf5 58. Kxd5 Kf4 59. Ke6 Kg3 60. Ra2
h2 61. Ra1 Kh3 62. d5 g3 63. d6 g2 64. Ra3+ Kg4 65. Ra4+ Kf3 66. Ra3+ Kf4 67.
Ra4+ Kf3 68. Ra3+ Kf4 69. Ra4+ Kg3 70. Ra3+ Kg4 71. Ra4+ Kh5 72. Ra5+ Kh6 73. d7
g1=Q 74. d8=Q Qg6+ 75. Ke5 Qg7+ 76. Ke6 Qg6+ 77. Ke5 Qg7+ 78. Kf4 h1=Q 79. Ra6+
Kh7 80. Qd3+ Kg8 81. Rg6 Qh4+ 82. Ke3 Qe7+ 83. Kd2 Qb4+ 84. Ke2 Qb2+ 85. Kf3
Qb7+ 86. Ke2 Qe7+ 87. Kd1 Qxg6 1/2-1/2

[Event "Mondiale Lampo FIDE 2022"]
[Site "Alma Ata"]
[Date "29.12.2022"]
[Round "9.54"]
[White "Batsuren, Dambasuren"]
[Black "Sargissian, Gabriel"]
[Result "0-1"]
[WhiteTitle ""]
[BlackTitle ""]
[WhiteElo "2525"]
[BlackElo "2699"]
[WhiteFideId "4902920"]
[BlackFideId "13300881"]
[EventDate "29.12.2022"]

1. d4 d5 2. c4 e6 3. Nf3 Nf6 4. g3 Bb4+ 5. Bd2 Be7 6. Bg2 O-O 7. O-O Nbd7 8. Qc2
c6 9. Rd1 b6 10. Bf4 Ba6 11. Ne5 Rc8 12. Nc3 Bxc4 13. Nxc4 dxc4 14. e4 b5 15. a4
a6 16. h3 Nb6 17. g4 Bb4 18. axb5 axb5 19. Be3 Qc7 20. g5 Nfd7 21. d5 Bc5 22.
dxc6 Qxc6 23. e5 Qc7 24. Nxb5 Qxe5 25. Na7 Bxe3 26. Nxc8 Bxg5 27. Nxb6 Nxb6 28.
Ra6 Qb5 29. Rda1 Bf6 30. R1a2 g6 31. Ra7 Qc5 32. Rb7 Nc8 33. Ra4 Nd6 34. Rba7
Kg7 35. Ra8 Rxa8 36. Rxa8 Qb4 37. Ra2 Nf5 38. Ra4 Qe1+ 39. Bf1 Nd4 40. Qxc4 Nf3+
41. Kg2 Nh4+ 42. Kg1 Nf3+ 43. Kg2 Nd4 44. Qd3 Qe5 45. Qe3 Qd6 46. Ra2 Qd5+ 47.
Kg1 0-1

[Event "Mondiale Lampo FIDE 2022"]
[Site "Alma Ata"]
[Date "29.12.2022"]
[Round "9.55"]
[White "Adhiban, Baskaran"]
[Black "Bologan, Victor"]
[Result "1-0"]
[WhiteTitle ""]
[BlackTitle ""]
[WhiteElo "2611"]
[BlackElo "2574"]
[WhiteFideId "5018471"]
[BlackFideId "13900048"]
[EventDate "29.12.2022"]

1. e4 g6 2. d4 Bg7 3. Nf3 d6 4. Be3 c6 5. c4 Nf6 6. Nc3 Nbd7 7. Be2 O-O 8. O-O
e5 9. Qc2 Nh5 10. Rad1 Qe7 11. Rfe1 Nf4 12. Bf1 Re8 13. Qd2 Nh5 14. Bg5 Bf6 15.
Bh6 Bg7 16. Bxg7 Nxg7 17. h3 a6 18. Qh6 f6 19. b4 a5 20. b5 c5 21. Nd5 Qd8 22.
dxc5 Nxc5 23. Nc3 Qe7 24. Qd2 Rd8 25. Nd5 Qf7 26. Nb6 Ra7 27. Qe3 Nge6 28. Rxd6
Qc7 29. Rxd8+ Qxd8 30. Nd5 b6 31. Nh2 h5 32. Be2 Bb7 33. Rd1 Bxd5 34. exd5 Nd4
35. Nf3 Nf5 36. Qc1 Nd6 37. Bf1 Re7 38. Qh6 Rg7 39. Re1 Nf5 40. Qd2 Qd6 41. Bd3
Ne7 42. Bc2 Nc8 43. Qe3 Qc7 44. g4 hxg4 45. hxg4 g5 46. Nd2 Nd6 47. Qf3 Qd8 48.
Kg2 Kf8 49. Rxe5 Nf7 50. Re1 Qd6 51. Bf5 Ne5 52. Qh3 Qc7 53. Nf3 Ned3 54. Bxd3
Nxd3 55. Qh8+ Rg8 56. Qxf6+ 1-0